00500nam a2200181Ia 4500008004100000020001800041082001300059100002200072245002400094250000600118260003100124300001000155500002400165650001200189942000700201952009300208999001700301230524s9999 xx 000 0 und d a9789380422510 a537bMOQ aMd. Moquim941965 0aEngineering Physics a1 aBBSRbBK Publicationc2013 a356p; aQuantity Number: 1 aPhysics cBK 00104070aTATCLbTATCLcGENd2023-05-24l0o537 MOQp53825r2023-05-24w2023-05-24yBK c56380d56380